| 000 | 00501nam a22001577a 4500 | ||
|---|---|---|---|
| 003 | NUST | ||
| 038 | _aNusrat Nadeem | ||
| 082 | _a200 | ||
| 100 |
_aJawwad, Wajiha _9131561 |
||
| 245 |
_aLeveraging Large Language Models for Generating Legal Case Annotations/ _c Wajiha Jawwad, |
||
| 264 |
_aIslamabad: _bSEECS NUST. _c2025. |
||
| 650 |
_aMS-Data Science _9123017 |
||
| 700 |
_aSupervisor: Dr. Rabia Irfan _996910 |
||
| 856 | _uhttp://10.250.8.41:8080/xmlui/handle/123456789/55822 | ||
| 942 |
_2ddc _cSC |
||
| 999 |
_c615226 _d615226 |
||